| 000 | 00407nam a2200133Ia 4500 | ||
|---|---|---|---|
| 008 | 231129s9999||||xx |||||||||||||| ||spa|| | ||
| 020 | _a84-7291-904-8 | ||
| 040 | _bspa | ||
| 082 | _a944.04 G579o | ||
| 100 | _aGodechot Jacques | ||
| 245 | 0 | _aLos origenes de la revolucion Francesa : La toma de la Bastilla (14 de Julio de 1789) | |
| 264 | _aSarpe | ||
| 942 |
_2ddc _cBKS |
||
| 999 |
_c19906 _d19906 |
||